000 00775nam a22002897a 4500
001 BR7400071
003 BR-BrBNA
005 20230928084455.0
007 ta
008 230509b bl.||||| |||| 00| 0 por d
040 _aBR-BrBNA
_bpor
_cBiblioteca Nacional de Agricultura
041 _a(Por)
072 _aQ10
_b9910
090 _ 9910 BR7400071
100 1 _aRaposo, H.
110 1 _aServico de Informacao Agricola, Rio de Janeiro, GB (Brasil)
245 1 _aCafe fino e seu preparo
260 3 _aRio de Janeiro, GB (Brasil):
_c1959.
300 _a55 p.
500 _a20 illus.; 9 ref.
650 _aTecnologia de alimento
650 _aCafe tratado
650 _aSecagem
650 _aDespolpamento
909 _a202309
_bLucia
_c55
_dLucia Elande
942 _cBK
999 _c19200
_d19200